000 00376nam a2200157Ia 4500
008 230711s9999||||xx |||||||||||||| ||und||
041 _aENG
082 _a720
_bMO-B
100 _aNoel Moffett
245 4 _aThe best of british Architecture 1980-2000
250 _a1st . Ed.
260 _c1993
_aLondon
_bE & FN Spon
300 _a183
650 _aArchitecture
942 _cBK
999 _c2805
_d2805